All 1M Cities Starting with “N” to Country - Statistics

General Stats
  • This quiz has been taken 1,162 times
  • The average score is 23 of 26
Answer Stats
City Country % Correct
Nanchang China
98%
Nanjing China
98%
New Delhi India
98%
Naples Italy
98%
Newcastle United Kingdom
98%
Nottingham United Kingdom
98%
Nashville United States
98%
New Orleans United States
98%
New York United States
98%
Nanchong China
97%
Nanyang China
97%
Nairobi Kenya
97%
Nantong China
96%
Nuremberg Germany
96%
Nanning China
95%
Nagoya Japan
94%
Nizhny Novgorod Russia
93%
Novosibirsk Russia
93%
Nagpur India
92%
N'Djamena Chad
82%
Niamey Niger
79%
Ningbo China
74%
Nouakchott Mauritania
73%
Natal Brazil
63%
Naha Japan
63%
Nashik India
61%
No matching quizzes found
Score Distribution
Percent of People with Each Score
Percentile by Number Answered
Your Score History
You have not taken this quiz